Регионална библиотека "Любен Каравелов" - Русе

Ръководство за упражнения по математичен анализ (Запис номер 192752)

MARC детайли
000 -Лидер
Контролно поле с фиксирана дължина nam a22 a 4500
003 - Код на организацията, давaща контролен номер
Контролно поле BLK
005 - Дата и час на последна редакция
Контролно поле 20230223164423.0
008 - Елементи от данни с фиксирана дължина
fixed length control field 180411b bul|||||r ||||||| ||bul||
010 ## - Наследен системен номер
LC control number KNG00201952000
040 ## - Източник на каталожния запис
Идентификатор на билиотеката - собственик на записа BLK
041 ## - Код за език
Код за езика на текст/звукозапис или на отделно заглавие Български
Код за езика КДБФ Български
080 ## - УДК
Текстов определител УДК Математичен анализ. Теория на реалните числа, аксиоматически формули, неравенства, основни свойства на функциите, непрекъснатост, монотонност, изучаване на отд. функции. Вж и 510.2/.6
УДК код - определител по УДК 517
УДК определител (075.8)
УДК - код + определител 517(075.8)
139 ## - Редно поле
Редна дума Ръководство за упражнения по математичен анализ
Авторски знак Ръ - Р 97
245 10 - Сведения за заглавието
Заглавие Ръководство за упражнения по математичен анализ
Подзаглавни данни За студентите от ТУ А. Кънчев - Русе : Ч. 1 -
Редно поле (дума) авт. на том Стефан Василев Генчев.
Том Ч. 2.
Заглавие на том Ръководство за упражнения по математичен анализ - II част
250 ## - Област на изданието
Сведения за изданието 2. прераб. изд.
257 ## - Страна на издаване
Страна на създаване/издаване България
260 ## - Област на издателските данни
Място на издаване, разпространение и проч. Русе
Име на издателя, разпространителя и проч. ТУ Ангел Кънчев
Година на издаване 1992
300 ## - Физическа характеристика
Размери/Мащаб 21 см
380 ## - Жанр
Жанр Естествени науки. Математика
650 #4 - Допълнително описание по предмет – тема
Основно описание – тема или топоним Математически анализ - учебници за ВУЗ
9 (RLIN) 247186
700 1# - Други автори (авторска отговорност)
Лично име Генчев, Стефан Василев
Автороска отговорност (Описва отношението между автора и произведението) авт. на том
9 (RLIN) 385063
760 1# - Описание на основната серия
Издание 2. прераб. изд.
Място на издаване, издател и година 1992
Страници - том 120 с. : с черт.
Забележка - том Други авт. : Ц. Рашкова, М. Пеева, Е. Великова, Т. Стоянова, З. Милушев. - 1. изд. 1986 с авт. З. В. Милушев, М. Неделчева, М. Ц. Пеева, Ц. Г. Рашкова, С. А. Терзиян, Ст. Г. Филев.
Заглавие Ч. 2. Ръководство за упражнения по математичен анализ - II част
852 ## - Местоположение
Форматна сигнатура Цб 169190
856 4# - Електронен адрес и достъп
Електронен формат pdf - файл
Инструкция (цена за достъп) 0.00
Права за достъп disable
856 4# - Електронен адрес и достъп
Електронен формат pdf - файл
Инструкция (цена за достъп) 0.00
Права за достъп disable
999 ## - СИСТЕМНИ КОНТРОЛНИ НОМЕРА
Koha biblionumber 192752
Koha biblioitemnumber 192752
942 ## - АРТИКУЛИ
Вид на библиотечния материал Книги
Скрит в OPAC Не
Периодичен библиозапис Да
944 ## - СЪЗДАВАНЕ И РЕДАКЦИЯ на ЗАПИСА
Създаване/Редакция Създаване
Дата на регистрацията/редакция 28.02.2017
Служител, извършил регистрацията/редакцията Нора_Радева
944 ## - СЪЗДАВАНЕ И РЕДАКЦИЯ на ЗАПИСА
Създаване/Редакция Редакция
Дата на регистрацията/редакция 28.02.2017
Служител, извършил регистрацията/редакцията Нора_Радева
999 ## - СИСТЕМНИ КОНТРОЛНИ НОМЕРА
Koha biblioitemnumber 192752
Наличности
Код за отписване Код за изгубен артикул Източник на класификационната схема Код за повреда Коз за рестрикции Код за отдаване Артикулен № Име на библиотеката - собственик Име на библиотеката, в която се намира в момента Статус (Текущо местоположение) Дата на вписване в системата Местоположение - отдел Цена в лева Инвентарен номер Систематично азбучна сигнатура Баркод Номер на екземпляра Цена в евро Служебна бележка Служебен тип на артикула
  Не е изгубен Universal Decimal Classification Не е повреден без рестрикции ползва се в читалня 337920 Регионална библиотека "Любен Каравелов" Русе Регионална библиотека "Любен Каравелов" Русе Хранилище 1992-01-01 Хранилище 0.00 568063 Цб 169190 120000568063 1 0.00 Вид: Сф Дата: 01.01.1992 Книги
Изтеглен Не е изгубен Universal Decimal Classification Не е повреден без рестрикции заемане за дома 337921 Регионална библиотека "Любен Каравелов" Русе Регионална библиотека "Любен Каравелов" Русе Заемна - подръчен фонд 1992-01-01 Заемна - подръчен фонд 2.00 665277 П 517/Р 97 665277 2 1.02 Вид: Сф Дата: 01.01.1992 Книги
Vip Innovations Ltd, Rousse, Bulgaria 2025